| 000 | 00460nam a22001937a 4500 | ||
|---|---|---|---|
| 003 | LK-CoMWRAF | ||
| 005 | 20230924215950.0 | ||
| 008 | 230924b |||||||| |||| 00| 0 eng d | ||
| 020 | _a0226702812 | ||
| 040 |
_aLK-CoMWRAF _dLK-CoMWRAF _eLK-CoMWRAF |
||
| 041 | _aeng | ||
| 082 |
_a297 _bRAH |
||
| 100 | _aRahman, Fazlur | ||
| 245 | _aIslam | ||
| 250 | _a2nd Edition | ||
| 260 |
_aU. S. A. : _bUniversity of Chicago, _c2002 |
||
| 650 | _aIslam | ||
| 942 | _cBK | ||
| 999 |
_c3651 _d3651 |
||